Вып. 11: Строительная физика, теплогазоснабжение и вентиляция; Техника, технология, организация и экономика строительства

Λεπτομέρειες βιβλιογραφικής εγγραφής
Parent link:Техника, технология, организация и экономика строительства: республиканский межведомственный сборник научных трудов/ Белорусский политехнический институт. Вып. 11: Строительная физика, теплогазоснабжение и вентиляция.— , 1974-
Άλλοι συγγραφείς: Овчинников Э. В.
Γλώσσα:Ρωσικά
Έκδοση: 1985
Θέματα:
Μορφή: Βιβλίο
KOHA link:https://koha.lib.tpu.ru/cgi-bin/koha/opac-detail.pl?biblionumber=160898

MARC

LEADER 00000nam2a2200000 4500
001 160898
005 20231101222223.0
035 |a (RuTPU)RU\TPU\book\174492 
035 |a RU\TPU\book\265739 
035 |a RU\TPU\book\166099 
090 |a 160898 
100 |a 20131022d1985 k y0rusy5003 ca 
101 0 |a rus 
102 |a BY 
105 |a a z 001zy 
200 0 |a Вып. 11: Строительная физика, теплогазоснабжение и вентиляция  |f гл. ред. Э. В. Овчинников 
210 |d 1985 
215 |a 126 с.  |c ил. 
320 |a Библиогр. в конце ст. 
461 1 |0 (RuTPU)RU\TPU\book\162279  |t Техника, технология, организация и экономика строительства  |o республиканский межведомственный сборник научных трудов  |f Белорусский политехнический институт  |v Вып. 11: Строительная физика, теплогазоснабжение и вентиляция  |d 1974-  
606 1 |a Строительное дело  |2 stltpush  |3 (RuTPU)RU\TPU\subj\57263  |9 75125 
610 1 |a строительная теплофизика 
610 1 |a вентиляция 
610 1 |a снижение себестоимости 
610 1 |a теплопотери 
610 1 |a рациональное использование 
610 1 |a отопление 
610 1 |a энергозатраты 
610 1 |a нормирование 
610 1 |a зарубежный опыт 
610 1 |a теплоснабжение 
610 1 |a газоснабжение 
675 |a 69  |z rus  |v 3 
702 1 |a Овчинников  |b Э. В.  |4 651 
801 0 |a RU  |b RuMRKP  |c 19950417  |g psbo 
801 1 |a RU  |b 63413507  |c 20090601  |g PSBO 
801 2 |a RU  |b 63413507  |c 20140306  |g RCR 
942 |c BK